Introduction to the Quran (Record no. 2354)

MARC details
000 -LEADER
fixed length control field 00354nam a2200145 a 4500
082 00 - DEWEY DECIMAL CLASSIFICATION NUMBER
Classification number 297.1227 BEL
100 ## - MAIN ENTRY--AUTHOR NAME
Author name Bell, Richard
245 ## - TITLE STATEMENT
Title Introduction to the Quran
260 ## - PUBLICATION, DISTRIBUTION, ETC. (IMPRINT)
Place of publication Edinburgh
Name of publisher Edinburgh University
Year of publication 1963
300 ## - PHYSICAL DESCRIPTION
Number of Pages 190p
500 ## - GENERAL NOTE
General note includes index and biblioraphy
505 2# - FORMATTED CONTENTS NOTE
Formatted contents note Index
650 ## - SUBJECT ADDED ENTRY--TOPICAL TERM
Topical Term Quran-Critical Study
942 ## - ADDED ENTRY ELEMENTS (KOHA)
Koha item type Books
Holdings
Home library Current library Date acquired Cost, normal purchase price Full call number Accession Number Koha item type Shelving location Source of acquisition
Henry Martyn Institute Library Henry Martyn Institute Library 05/28/2018 100.00 297.1227 BEL C1 02572 E-Books    
Henry Martyn Institute Library Henry Martyn Institute Library 05/28/2018 400.00 297.1227 BEL C2 020439 Books    
Henry Martyn Institute Library Henry Martyn Institute Library 11/21/2024   297.1227 BEL 11004770 Books General stacks Shareef
                   Copyright © 2026 | Henry Martyn Institute | Hyderabad | TS-500052 | INDIA | Implemented by hmi.edu.in
Hit-Count:

Powered by Koha